zpět

Detail výsledku týmu

Pizza-Doma ST, Plzeň

Datum a čas kvízu

38 Celkem bodů Celkový počet nahraných bodů na tomto kvízu bez doplňovacích otázek.
2. Pořadí na kvízu Konečné umístění týmu na tomto kvízu.

Zaznamenané odpovědi

# Otázka Odpověď Body Výsledky
1. Ke kácení stromů ve většině př... trhavinu 1
2. Nevšední hříšník uvízl v pondě... C) holub 0
3. Památkou roku České republiky... poblíž Tachova 1
4. Andrej Babiš se na sociálních... Věra Jourová 1
5. Který německý fotbalový klub s... Bayer Leverkusen 1
6. V pěti otázkách tohoto tématu... halit 1
7. Jaká je denní dávka kuchyňské... B 1
8. Jak se nazývá původem japonská... C) gomasio 0
9. Nejen lidé, ale i zvířata potř... liz 1
10. Chcete-li si užít blahodárného... D) Bad Ischl 1